O sacrifício da inocência / (Record no. 94)

MARC details
000 -LÍDER
campo de controle de tamanho fixo 01483nam a2200301 4500
001 - NÚMERO DE CONTROLE
campo de controle 94
003 - IDENTIFICADOR DO NÚMERO DE CONTROLE
campo de controle OSt
005 - DATA E HORÁRIO DA ÚLTIMA TRANSAÇÃO
campo de controle 20250528074011.0
008 - CAMPO DE DADOS FIXOS--INFORMAÇÃO GERAL
campo de controle de tamanho fixo 250124b |||||||e |||| 00| 1 eng d
040 ## - FONTE DA CATALOGAÇÃO
Idioma da catalogação por
041 ## - CÓDIGO DE IDIOMA
Código do idioma do original e/ou traduções intermediárias do texto eng
Código do idioma do texto/trilha sonora ou título diferente por
082 ## - CDD - CLASSIFICAÇÃO DECIMAL DE DEWEY
Número de Classificação 813
Número do exemplar C147s
100 1# - ENTRADA PRINCIPAL--NOME PESSOAL
Nome pessoal Caldwell, Taylor,
Datas associadas ao nome 1900-1985
9 (RLIN) 206
240 ## - TÍTULO UNIFORME
Título uniforme Ceremony of the innocent
245 ## - TÍTULO
Título O sacrifício da inocência /
Indicação de responsabilidade, etc. Caldwell, Taylor ; Tradução de Lygia Junqueira Caiuby
260 ## - PUBLICAÇÃO, DISTRIBUIÇÃO, ETC.
Local de publicação, distribuição, etc. São Paulo
Nome do editor, distribuidor, etc. Círculo do Livro
Data da publicação, distribuição, etc. 1976
300 ## - DESCRIÇÃO FÍSICA
Extensão 570 p.
520 ## - NOTA DE RESUMO, ETC.
Resumo, etc. A autora conta as histórias paralelas de uma mulher e de uma nação - e a perda da inocência. Ellen Watson nasceu na maior pobreza. Uma vida de humilhações e de trabalho pesado foi tudo o que lhe coube. Até aparecer Jeremy Porter, famoso advogado nova-iorquino, que viu uma mulher de beleza irresistível na maltratada e esfarrapada empregadinha. Viu nela a mulher que iria desposar. Assim Ellen foi jogada num mundo para o qual não estava preparada - o mundo da política, da riqueza e do poder. Um mundo onde a sua inocência encantadora seria ameaçada pela hipocrisia e pela ambição sem limites. E Jeremy era o único que poderia salvá-la.
650 #0 - ASSUNTO--TERMO TÓPICO
Cabeçalho tópico ou nome geográfico Literatura Americana
9 (RLIN) 84
650 #0 - ASSUNTO--TERMO TÓPICO
Cabeçalho tópico ou nome geográfico Drama
9 (RLIN) 18
650 #0 - ASSUNTO--TERMO TÓPICO
Cabeçalho tópico ou nome geográfico Histórico
9 (RLIN) 53
650 #0 - ASSUNTO--TERMO TÓPICO
Cabeçalho tópico ou nome geográfico Experiência de vida
9 (RLIN) 188
650 #0 - ASSUNTO--TERMO TÓPICO
Cabeçalho tópico ou nome geográfico Polêmica
9 (RLIN) 117
655 #0 - TERMO DE ÍNDICE--GÊNERO E FORMA
Gênero/forma/ou termo foco Romance
655 #0 - TERMO DE ÍNDICE--GÊNERO E FORMA
Gênero/forma/ou termo foco Ficção
700 ## - ENTRADA ADICIONADA - NOME PESSOAL
Nome pessoal Lygia Junqueira Caiuby
Função do autor por extenso Tradutor
9 (RLIN) 210
942 ## - ELEMENTOS DE ENTRADA ADICIONADOS (KOHA)
Fonte de classificação ou esquema de arquivamento Classificação decimal de Dewey
Ocultar no OPAC Não
Tipo de material Koha Livros
Holdings
Situação do descarte Situação das perdas Fonte de classificação ou esquema de arquivamento Status danificado Não pode ser emprestado Coleção Biblioteca de origem Biblioteca atual Localização na estante Data de aquisição Fonte de aquisição Total de empréstimos Número de chamada completo Código de barras Data de último acesso Data do preço efetivo Tipo de material Koha
    Classificação decimal de Dewey     Ficção Biblioteca Professor Eduardo Afonso de Castro Biblioteca Professor Eduardo Afonso de Castro Literatura Estrangeira 14.03.2022 doação   813 / C147s 2025-16578 23.01.2025 23.01.2025 Livros

Powered by Koha